O grande roubo do trem / (Record no. 181)

MARC details
000 -LÍDER
campo de controle de tamanho fixo 01653nam a2200325 4500
001 - NÚMERO DE CONTROLE
campo de controle 181
003 - IDENTIFICADOR DO NÚMERO DE CONTROLE
campo de controle OSt
005 - DATA E HORÁRIO DA ÚLTIMA TRANSAÇÃO
campo de controle 20250528074014.0
008 - CAMPO DE DADOS FIXOS--INFORMAÇÃO GERAL
campo de controle de tamanho fixo 250131b |||||||g |||| 00| 1 eng d
020 ## - ISBN - INTERNATIONAL STANDARD BOOK NUMBER
ISBN - International Standard Book Number 8532505163
040 ## - FONTE DA CATALOGAÇÃO
Idioma da catalogação por
041 ## - CÓDIGO DE IDIOMA
Código do idioma do original e/ou traduções intermediárias do texto eng
Código do idioma do texto/trilha sonora ou título diferente por
082 ## - CDD - CLASSIFICAÇÃO DECIMAL DE DEWEY
Número de Classificação 813
Número do exemplar C928g
100 1# - ENTRADA PRINCIPAL--NOME PESSOAL
Nome pessoal Crichton, Michael,
Datas associadas ao nome 1942-2008.
9 (RLIN) 335
240 ## - TÍTULO UNIFORME
Título uniforme The great train robbery
245 ## - TÍTULO
Título O grande roubo do trem /
Indicação de responsabilidade, etc. Crichton, Michael ; Tradução de Aulyde de Soares Rodrigues
260 ## - PUBLICAÇÃO, DISTRIBUIÇÃO, ETC.
Local de publicação, distribuição, etc. Rio de Janeiro
Nome do editor, distribuidor, etc. Rocco
Data da publicação, distribuição, etc. 1995
300 ## - DESCRIÇÃO FÍSICA
Extensão 263 p.
520 ## - NOTA DE RESUMO, ETC.
Resumo, etc. The Great Train Robbery -- O grande roubo do trem é baseado em um crime ocorrido na Inglaterra de 1854. Num golpe espetacular, um cavalheiro aristocrático, um chaveiro e um guarda escolhem um trem como palco para o teatral roubo de doze mil libras em barras de ouro, de um cofre-vagão hermeticamente fechado. Para completar o quadro, um famoso homem-aranha protagoniza fuga debochada, escalando os muros da prisão.<br/><br/><br/><br/>Utilizando fontes como o testemunho real dos criminosos no tribunal, em 1856, Crichton mais uma vez investe no romance bibliográfico, apresentando uma história cujo fascínio está no detalhe e na secreta admiração que os mais rígidos personagens vitorianos nutriam pelos ladrões, num exercício de compensação aos padrões da época.
650 #0 - ASSUNTO--TERMO TÓPICO
Cabeçalho tópico ou nome geográfico Literatura Americana
9 (RLIN) 84
650 #0 - ASSUNTO--TERMO TÓPICO
Cabeçalho tópico ou nome geográfico Aventura
9 (RLIN) 47
650 #0 - ASSUNTO--TERMO TÓPICO
Cabeçalho tópico ou nome geográfico Suspense
9 (RLIN) 10
650 #0 - ASSUNTO--TERMO TÓPICO
Cabeçalho tópico ou nome geográfico Crime e Investigação
9 (RLIN) 13
650 #0 - ASSUNTO--TERMO TÓPICO
Cabeçalho tópico ou nome geográfico Fatos Reais
9 (RLIN) 33
650 #0 - ASSUNTO--TERMO TÓPICO
Cabeçalho tópico ou nome geográfico Clássicos
9 (RLIN) 77
655 #0 - TERMO DE ÍNDICE--GÊNERO E FORMA
Gênero/forma/ou termo foco Romance
655 #0 - TERMO DE ÍNDICE--GÊNERO E FORMA
Gênero/forma/ou termo foco Ficção
700 ## - ENTRADA ADICIONADA - NOME PESSOAL
Nome pessoal Aulyde Soares Rodrigues
Função do autor por extenso Tradutor
9 (RLIN) 302
942 ## - ELEMENTOS DE ENTRADA ADICIONADOS (KOHA)
Fonte de classificação ou esquema de arquivamento Classificação decimal de Dewey
Ocultar no OPAC Não
Tipo de material Koha Livros
Holdings
Situação do descarte Situação das perdas Fonte de classificação ou esquema de arquivamento Status danificado Não pode ser emprestado Coleção Biblioteca de origem Biblioteca atual Localização na estante Data de aquisição Fonte de aquisição Total de empréstimos Número de chamada completo Código de barras Data de último acesso Data do preço efetivo Tipo de material Koha
    Classificação decimal de Dewey     Ficção Biblioteca Professor Eduardo Afonso de Castro Biblioteca Professor Eduardo Afonso de Castro Literatura Estrangeira 05.06.1998 doação   813 / C928g 2025-10992 31.01.2025 31.01.2025 Livros

Powered by Koha